Jawaharlal Nehru : (Record no. 653)

000 -LEADER
fixed length control field 00602nam a2200229 a 4500
008 - FIXED-LENGTH DATA ELEMENTS--GENERAL INFORMATION
fixed length control field 191003s2010 ii ||||g |||| 001 0 eng d
020 ## - INTERNATIONAL STANDARD BOOK NUMBER
International Standard Book Number 9780143031031
Terms of availability Rs. 599.00
040 ## - CATALOGING SOURCE
Original cataloging agency IMU Kochi Library
Language of cataloging eng
041 0# - LANGUAGE CODE
Language code of text/sound track or separate title eng
044 ## - COUNTRY OF PUBLISHING/PRODUCING ENTITY CODE
MARC country code India
082 04 - DEWEY DECIMAL CLASSIFICATION NUMBER
Edition number 23
Classification number 954
Item number N315
100 1# - MAIN ENTRY--PERSONAL NAME
Personal name Nehru, Jawaharlal
245 10 - TITLE STATEMENT
Title Jawaharlal Nehru :
Sub Title The Discovery of India /
260 ## - PUBLICATION, DISTRIBUTION, ETC. (IMPRINT)
Place of publication, distribution, etc New Delhi :
Name of publisher, distributor, etc Penguin Books,
Date of publication, distribution, etc 2010
300 ## - PHYSICAL DESCRIPTION
Extent xxvi, 642 p. ;
Dimensions 22.5 cm.
504 ## - BIBLIOGRAPHY, ETC. NOTE
Bibliography, etc Includes index.
650 #0 - SUBJECT ADDED ENTRY--TOPICAL TERM
Topical term or geographic name as entry element India
General subdivision History
650 #0 - SUBJECT ADDED ENTRY--TOPICAL TERM
Topical term or geographic name as entry element India
General subdivision Civilization
852 ## - LOCATION/CALL NUMBER
Location IMU Kochi Library
904 ## - LOCAL DATA ELEMENT D, LDD (RLIN)
CATALOGER Shine Joy
942 ## - ADDED ENTRY ELEMENTS (KOHA)
Item type Books
Holdings
Withdrawn status Lost status Source of classification or shelving scheme Damaged status Not for loan Collection code Permanent location Current location Shelving location Date acquired Source of acquisition Cost, normal purchase price Total Checkouts Full call number Barcode Date last seen Date last borrowed Koha item type Public note
          Non-fiction IMU Kochi Library IMU Kochi Library Fiction & General 2013-03-05 M/S Gemini Book House (Inv. No. 80 Dt 2013-02-18) 599.00 1 954 N315 BK000644 2019-10-09 2019-10-03 Books Shelf-19, Row-4
          Non-fiction IMU Kochi Library IMU Kochi Library Fiction & General 2013-03-06 M/S Gemini Book House (Inv. No. 77 Dt 2013-02-18) 599.00   954 N315 BK002259 2019-10-03   Books Shelf-19, Row-4


Copyright © All Rights Reserved by Indian Maritime University, Kochi Campus.
For any Suggestions/Query Contact to library or Email: library.kochi@imu.ac.in Ph:(0484)-2989402
(Web OPAC Designed by Rudra Ranjan. Maintained by IMU Kochi Library)

Powered by Koha